00524 2200193 4500001002100000008004100021035002000062245005300082100001800135260003400153300002300187020002200210084001600232082001200248650001300260990001900273990001900292990001900311INLIS000000000000457 ind  a0010-0625000125 aBob Sadino, Inspirasi dan MotivasicIrma El mira aEl mira, Irma aYogyakarta.bChecklist,c2023 a186 hlm.c20,5 cm. a978-623-7661-15-3 a923.2 NUR m a928.392 aBiografi a2097/MP.H/2023 a2098/MP.H/2023 a2099/MP.H/2023